[Event "BRA-ch Amateurs U1700"]
[Site "Sao Paulo"]
[Date "2024.05.31"]
[Round "4"]
[White "Lopes, Arivaldo"]
[Black "Da Silva, Bernardo Marques Ol"]
[Result "0-1"]
[WhiteElo "1798"]
[BlackElo "1585"]
[PlyCount "112"]
[EventDate "2024.05.30"]
[EventType "swiss"]
[EventRounds "7"]
[EventCountry "BRA"]
[SourceTitle "CBM 220 Extra"]
[Source "ChessBase"]
[SourceDate "2024.07.31"]
[SourceVersion "1"]
[SourceVersionDate "2024.07.31"]
[SourceQuality "1"]

1. d4 d5 2. Nf3 Nf6 3. Bf4 c5 4. c3 Nc6 5. e3 Qb6 6. b3 cxd4 7. exd4 Bf5 8. Bd3 Bxd3 9. Qxd3 e6 10. h3 Be7 11. Nbd2 Rc8 12. Ne5 Nxe5 13. Bxe5 Qa5 14. b4 Qa3 15. Nb3 Rxc3 16. Qb5+ Rc6 17. 0-0 Qxb4 18. Qxb4 Bxb4 19. Bxf6 gxf6 20. Rac1 Rxc1 21. Rxc1 Kd7 22. Kf1 Rc8 23. Rxc8 Kxc8 24. Ke2 Kd7 25. Kd3 Kd6 26. Na1 Be1 27. f3 Bg3 28. Nc2 e5 29. Ne3 Bf2 30. dxe5+ fxe5 31. Ng4 Bh4 32. Ne3 Be1 33. Nf5+ Kc5 34. Nh6 f6 35. Ng8 Bh4 36. g3 Bxg3 37. Nxf6 h6 38. Nd7+ Kb4 39. Nf6 d4 40. Ne4 Bf4 41. Nd6 b5 42. a3+ Ka4 43. Kc2 a6 44. Kb2 d3 45. Ne4 d2 46. Nc3+ Ka5 47. Kb3 Kb6 48. a4 Kc5 49. axb5 axb5 50. Nd1 Kd4 51. Kc2 b4 52. Kb3 Kd3 53. Kxb4 Kc2 54. Kc4 Kxd1 55. Kd3 Ke1 56. Ke4 d1Q 0-1

[Event "BRA-ch Amateurs U1700"]
[Site "Sao Paulo"]
[Date "2024.05.31"]
[Round "3"]
[White "Raad, Pedro Elias"]
[Black "Lopes, Arivaldo"]
[Result "0-1"]
[WhiteElo "1594"]
[BlackElo "1798"]
[PlyCount "134"]
[EventDate "2024.05.30"]
[EventType "swiss"]
[EventRounds "7"]
[EventCountry "BRA"]
[SourceTitle "CBM 220 Extra"]
[Source "ChessBase"]
[SourceDate "2024.07.31"]
[SourceVersion "1"]
[SourceVersionDate "2024.07.31"]
[SourceQuality "1"]

1. e4 e5 2. Nf3 Nc6 3. d4 exd4 4. Nxd4 Bc5 5. Nxc6 bxc6 6. Bc4 Ne7 7. Bxf7+ Kxf7 8. Qh5+ Ng6 9. Qxc5 Rf8 10. 0-0 Kg8 11. Nc3 Ba6 12. Re1 Nf4 13. Bxf4 Rxf4 14. Qe3 Qf6 15. Ne2 Rh4 16. b3 Bxe2 17. Qxe2 Qh6 18. h3 Qg6 19. Qe3 Re8 20. f4 Qf6 21. Rf1 Rf8 22. Rae1 Rxf4 23. Rxf4 Qxf4 24. Qxf4 Rxf4 25. g3 Rf3 26. Kg2 Rc3 27. Re2 Kf7 28. Kf2 Ke6 29. Rd2 d6 30. a4 Ke5 31. a5 g6 32. a6 h6 33. h4 Kxe4 34. Re2+ Kf5 35. Re7 Rxc2+ 36. Kg1 Ra2 37. Rxc7 Rxa6 38. Kf2 Kf6 39. Rd7 d5 40. g4 Rb6 41. Rxa7 Rxb3 42. Rc7 Rc3 43. Rh7 Rc4 44. Kf3 h5 45. gxh5 Rxh4 46. h6 Kg5 47. Rc7 Kxh6 48. Rxc6 Rc4 49. Rd6 Rc5 50. Rd8 Kg5 51. Ke3 Kg4 52. Kd4 Rb5 53. Rf8 g5 54. Rf1 Kh5 55. Rh1+ Kg6 56. Rg1 Rb4+ 57. Kxd5 g4 58. Ke5 Kg5 59. Rf1 g3 60. Rf8 Kg4 61. Rg8+ Kf3 62. Rf8+ Kg2 63. Kd5 Kg1 64. Kc5 Rh4 65. Rd8 g2 66. Rd1+ Kh2 67. Rd2 Kh1 0-1

[Event "BRA-ch Amateurs U1700"]
[Site "Sao Paulo"]
[Date "2024.05.30"]
[Round "2"]
[White "Lopes, Arivaldo"]
[Black "Vidal, Andre Luiz Araki De"]
[Result "0-1"]
[WhiteElo "1798"]
[BlackElo "1599"]
[PlyCount "142"]
[EventDate "2024.05.30"]
[EventType "swiss"]
[EventRounds "7"]
[EventCountry "BRA"]
[SourceTitle "CBM 220 Extra"]
[Source "ChessBase"]
[SourceDate "2024.07.31"]
[SourceVersion "1"]
[SourceVersionDate "2024.07.31"]
[SourceQuality "1"]

1. d4 d5 2. Nf3 Nf6 3. h3 c5 4. c3 Bf5 5. Bf4 Qb6 6. Qb3 e6 7. e3 c4 8. Qxb6 axb6 9. Nbd2 b5 10. Be2 b4 11. 0-0 bxc3 12. bxc3 h6 13. Ne5 Ba3 14. Ndxc4 dxc4 15. Nxc4 Nd5 16. Bxb8 Nxc3 17. Nxa3 Nxe2+ 18. Kh2 Rxa3 19. Be5 f6 20. Bd6 Rd3 21. Rfd1 Rxd1 22. Rxd1 Nc3 23. Rc1 Kd7 24. Bg3 Rc8 25. a3 Ne2 26. Rxc8 Kxc8 27. Bd6 h5 28. Bf8 Kd7 29. Bxg7 Ke7 30. f3 b5 31. Bh6 Bd3 32. g3 Nc3 33. e4 Nb1 34. Bc1 Bf1 35. h4 Nc3 36. Bb2 Na4 37. Bc1 Nb6 38. g4 hxg4 39. fxg4 Bd3 40. e5 fxe5 41. dxe5 Nc4 42. Kg3 Nxe5 43. Kf4 Nc4 44. g5 Bf5 45. h5 Kf7 46. Kg3 e5 47. Kf3 Ke6 48. Kg3 Bc2 49. Kg4 Bd1+ 50. Kh4 e4 51. h6 Kf7 52. Kg3 Bh5 53. Kf4 Bg6 54. Kg3 Ke6 55. Kf4 Kd5 56. Kg4 Ke5 57. h7 Bxh7 58. Bf4+ Ke6 59. Kh5 Kf7 60. g6+ Bxg6+ 61. Kg5 Nxa3 62. Bc1 Nc4 63. Kf4 Ke6 64. Kg3 Kf5 65. Kf2 Bh5 66. Ke1 e3 67. Kf1 Ke4 68. Ke1 Kd3 69. Kf1 Kc2 70. Bxe3 Nxe3+ 71. Kf2 b4 0-1

[Event "BRA-ch Amateurs U1700"]
[Site "Sao Paulo"]
[Date "2024.05.30"]
[Round "1"]
[White "Santana, Expedito"]
[Black "Lopes, Arivaldo"]
[Result "0-1"]
[WhiteElo "1629"]
[BlackElo "1798"]
[PlyCount "62"]
[EventDate "2024.05.30"]
[EventType "swiss"]
[EventRounds "7"]
[EventCountry "BRA"]
[SourceTitle "CBM 220 Extra"]
[Source "ChessBase"]
[SourceDate "2024.07.31"]
[SourceVersion "1"]
[SourceVersionDate "2024.07.31"]
[SourceQuality "1"]

1. e4 e5 2. Bc4 Nc6 3. Nf3 Bc5 4. c3 Nf6 5. d3 h6 6. 0-0 d6 7. h3 0-0 8. Re1 Be6 9. Nbd2 Rb8 10. a4 a5 11. Qb3 Re8 12. Nf1 Bxc4 13. Qxc4 Qd7 14. Ne3 Bxe3 15. Bxe3 d5 16. exd5 Qxd5 17. Qh4 Qxd3 18. Bxh6 Qh7 19. Bg5 Qxh4 20. Bxh4 Nh7 21. Rad1 f6 22. Rd7 Rbc8 23. Red1 Nf8 24. R7d2 Red8 25. Rxd8 Rxd8 26. Rxd8 Nxd8 27. Nxe5 g5 28. Bg3 fxe5 29. Bxe5 Nfe6 30. b4 Nc6 31. Bxc7 Nxc7 0-1

[Event "Sao Paulo Pascoa op"]
[Site "Sao Paulo"]
[Date "2024.03.30"]
[Round "3"]
[White "Lopes, Arivaldo"]
[Black "Miragaia, Pedro Maddi Damian"]
[Result "0-1"]
[WhiteElo "1800"]
[BlackElo "1850"]
[PlyCount "91"]
[EventDate "2024.03.29"]
[EventType "swiss"]
[EventRounds "6"]
[EventCountry "BRA"]
[SourceTitle "CBM 219 Extra"]
[Source "ChessBase"]
[SourceDate "2024.05.31"]
[SourceVersion "1"]
[SourceVersionDate "2024.05.31"]
[SourceQuality "1"]

1. d4 d5 2. Nf3 Nf6 3. h3 c5 4. c3 Nc6 5. Bf4 Qb6 6. b3 cxd4 7. Nxd4 Nxd4 8. Qxd4 Qxd4 9. cxd4 Bf5 10. Nc3 e6 11. a3 Rc8 12. Bd2 Be7 13. e3 0-0 14. Be2 Ne4 15. Nxe4 Bxe4 16. Bf3 Bd3 17. Be2 Be4 18. Bf3 Bxf3 19. gxf3 Rc2 20. Ke2 Rfc8 21. Rhc1 R2c6 22. Rxc6 Rxc6 23. b4 Bh4 24. Be1 Kf8 25. Kd2 Ke7 26. Rc1 Rxc1 27. Kxc1 b5 28. Kd2 Kf6 29. Kd3 Kf5 30. Ke2 Be7 31. f4 f6 32. Kf3 g5 33. fxg5 fxg5 34. Ke2 Bf6 35. Bc3 g4 36. hxg4+ Kxg4 37. f3+ Kg3 38. e4 Bg5 39. exd5 exd5 40. Be1+ Kg2 41. f4 Bxf4 42. Bh4 h5 43. Kd3 Kf3 44. Be1 Bg3 45. Bxg3 Kxg3 46. Ke2 0-1